Statistics for Geography by Picture - V

Click here to take the quiz!

General Stats

  • This quiz has been taken 209 times
  • The average score is 13 of 18

Answer Stats

Answer% Correct
Vietnam
98%
Venezuela
96%
Vatican City
95%
Venice
94%
Vermont
92%
Virginia
90%
Village
85%
Vanuatu
82%
Versailles
82%
Vesuvius
81%
Vienna
79%
Volga
75%
Volcano
68%
Vilnius
54%
Vancouver
49%
Victoria
40%
Valencia
36%
Vail
30%

Score Distribution

Percentile by Number Answered

Percent of People with Each Score

Your Score History

You have not taken this quiz